La Consultoría de Empresas : Guía para la profesión

Bibliographic Details
Format: Section = Libro
Language:Undetermined
Spanish
Published: México Limusa 2000
Edition:3a.ed.
Subjects:
LEADER 00552nam a2200193Ia 4500
008 240829s9999 xx 000 0 und d
020 |a 968-18-5908-1 
040 |a BIBLIOTECA-RUPAP 658.46 031 
041 |a spa 
082 |a 658.46 031 
245 1 0 |a La Consultoría de Empresas : Guía para la profesión 
250 |a 3a.ed. 
260 |a México  |b Limusa  |c 2000 
300 |a 955 p. :il. 
650 7 |a CONSULTORES DE EMPRESAS - GUIA 
650 7 |b  CONSULTORIA DE EMPRESAS - NORMAS Y PRACTICAS. I. Tít. 
942 |c BK  |2 ddc 
991 |a TEXTO 
999 |c 10036